Las Entidades descentralizadas de Costa Rica
Características del sector público descentralizado, en Costa Rica. Señala el desarrollo histórico de las entidades descentralizadas en el siglo XX y la evolución del concepto de autonomía institucional. Clasifica las entidades del sector público y da una cronología de las descentralizadas, estudia:...
Na minha lista:
| Autor principal: | |
|---|---|
| Autor Corporativo: | |
| Formato: | Texto |
| Publicado em: |
San José:
ICAP
|
| Assuntos: | |
| Tags: |
Adicionar Tag
Sem tags, seja o primeiro a adicionar uma tag!
|
MARC
| LEADER | 00000 a a2200000 04500 | ||
|---|---|---|---|
| 001 | 19905 | ||
| 003 | |||
| 040 | |||
| 090 | |a 080800 | ||
| 100 | |a Masís Iverson, Daniel | ||
| 110 | |a ICAP | ||
| 245 | |a Las Entidades descentralizadas de Costa Rica | ||
| 260 | |a San José: |b ICAP | ||
| 300 | |a 145 p | ||
| 520 | |a Características del sector público descentralizado, en Costa Rica. Señala el desarrollo histórico de las entidades descentralizadas en el siglo XX y la evolución del concepto de autonomía institucional. Clasifica las entidades del sector público y da una cronología de las descentralizadas, estudia: recursos humanos, regimen de personal, gasto, inversión, endeudamiento y absorción de mano de obra producidos en este sector, planificación, sistema de control fiscal sobre los entes descentralizados, relación de estos con OFIPLAN y sociedades anónimas estatales./ACM | ||
| 650 | |a SECTOR PUBLICO | ||
| 650 | |a ADMINISTRACION PUBLICA | ||
| 650 | |a DESCENTRALIZACION | ||
| 650 | |a INSTITUCIONES AUTONOMAS | ||
| 650 | |a PUB. ICAP | ||
| 999 | |c 11210 |d 11210 | ||
